World building designing for the community (Record no. 11527)
[ view plain ]
| 000 -LEADER | |
|---|---|
| fixed length control field | 00288nam a2200121 4500 |
| 003 - CONTROL NUMBER IDENTIFIER | |
| control field | OSt |
| 005 - DATE AND TIME OF LATEST TRANSACTION | |
| control field | 20230529132108.0 |
| 008 - FIXED-LENGTH DATA ELEMENTS--GENERAL INFORMATION | |
| fixed length control field | 230529b ||||| |||| 00| 0 eng d |
| 020 ## - INTERNATIONAL STANDARD BOOK NUMBER | |
| International Standard Book Number | 026306302X |
| 100 ## - MAIN ENTRY--PERSONAL NAME | |
| Personal name | Richard Reid |
| 245 ## - TITLE STATEMENT | |
| Title | World building designing for the community |
| 942 ## - ADDED ENTRY ELEMENTS (KOHA) | |
| Source of classification or shelving scheme | |
| Withdrawn status | Lost status | Source of classification or shelving scheme | Damaged status | Not for loan | Permanent location | Current location | Date acquired | Barcode | Date last seen | Price effective from | Koha item type |
|---|---|---|---|---|---|---|---|---|---|---|---|
| BMS College of Architecture, Design and Planning | BMS College of Architecture, Design and Planning | 2023-05-29 | AR-DB600 | 2023-05-29 | 2023-05-29 | Donated Book | |||||
| BMS College of Architecture, Design and Planning | BMS College of Architecture, Design and Planning | 2023-05-29 | AR-DB601 | 2023-05-29 | 2023-05-29 | Donated Book |